00957nam a2200229 a 4500001001000000003000500010005001700015008004100032010001100073011001100084040000900095100003300104245021900137260004100356500006000397502010500457650002400562650002500586650002500611650002100636856007000657000115653CHAP20220329144543.0190619s2018 mx a |sm |||||||spa d a112114 a113086 cCHAP1 aRodríguez Aguilar, Oliver.10aPrácticas políticas en la interfaz social del desarrollo forestal en el contexto de cambio climático: un estudio de caso en la selva Lacandona, Chiapas, Méxicoh[En línea]cpor Oliver Rodríguez Aguilar. aChapingo, Méx. :bEl autor,c2018. aPara ver el contenido del material haga clic en la liga aTesis (M. C. en Desarrollo Rural Regional) -- UACH. Dirección de Centros Regionales Universitarios14aCambio climático.14aDesarrollo forestal.14aPolítica forestal.14aSelva Lacandona. aFinding aiduhttp://10.13.5.2/tesis/sist115653.pdfzTeclea aquí